000 00961cam a2200229 a 4500
001 3015647
005 20180202080446.0
008 940718s1994 wiua b 100 0 eng
010 _a 94031647
020 _a0891188142
040 _aDLC
_cDLC
_dDLC
041 _aeng
080 _a551.305011 BRY
082 0 0 _a551.305011 BRY
_220
100 _a42
101 _aGEO
245 0 0 _aQuantitative modeling of soil forming processes :
_ceditors, R.B. Bryant and R.W. Arnold ; organizing committee, R.B. Bryant, R.W. Arnold, M.R. Hoosbeek ; editor-in-chief, SSSA, J.M. Bigham.
504 _aIncludes bibliographical references.
906 _a7
_bcbc
_corignew
_d1
_eocip
_f19
_gy-gencatlg
942 _2ddc
_cBK
999 _c41675
_d41675